[Event "Trophee Universitaire"]
[Site "La Roche-sur-Yon FRA"]
[Date "2006.03.16"]
[Round "2"]
[White "Istratescu,A"]
[Black "Rodriguez Guerrero,E"]
[Result "1/2-1/2"]
[WhiteElo "2618"]
[BlackElo "2464"]
[EventDate "2006.03.15"]

1. c4 e5 2. Nc3 Nf6 3. Nf3 Nc6 4. g3 Bb4 5. Bg2 O-O 6. O-O e4 7. Ng5 Bxc3
8. bxc3 Re8 9. f3 e3 10. dxe3 Qe7 11. e4 Qc5+ 12. Kh1 h6 13. Nh3 d6 14. Nf4
Qxc4 15. Nd5 Nxd5 16. exd5 Ne5 17. e4 f5 18. Bf4 fxe4 19. Bxe5 Rxe5 20.
fxe4 Qb5 21. Rf4 Qe8 22. Qf3 Bd7 23. Rf1 Rd8 24. h4 b6 25. Kh2 a5 26. c4
Bc8 27. Rf2 Bd7 28. Bf1 Bc8 29. Bd3 Bd7 30. Bc2 Rc8 31. Rf7 h5 32. Qf4 Ra8
33. Bd3 Rc8 34. Bf1 Bg4 35. Bd3 Bd7 36. a3 Bg4 37. c5 bxc5 38. Ba6 Ra8 39.
Bb7 Rb8 40. Rxc7 Rxe4 41. Qxd6 c4 42. Bc6 Qe5 43. Qxe5 Rxe5 44. a4 Rb1 45.
d6 Rd1 46. d7 Kh7 47. Rf7 Re2+ 48. Bg2 Rdd2 49. Rxg7+ Kh6 50. Rh7+ Kg6 51.
Rg7+ Kh6 52. Rh7+ Kg6 53. Rg7+ Kh6 54. Rh7+ Kg6 55. Rg7+ 1/2-1/2

[Event "Trophee Universitaire"]
[Site "La Roche-sur-Yon FRA"]
[Date "2006.03.16"]
[Round "2"]
[White "Rombaldoni,D"]
[Black "Bauer,Ch"]
[Result "0-1"]
[WhiteElo "2292"]
[BlackElo "2627"]
[EventDate "2006.03.15"]

1. d4 d6 2. Nf3 f5 3. c4 Nf6 4. Nc3 g6 5. b4 Bg7 6. Bb2 O-O 7. e3 Kh8 8.
Qb3 Be6 9. Be2 c6 10. h4 Qe8 11. h5 Nxh5 12. Ng5 Bg8 13. Bxh5 gxh5 14. d5
h6 15. Nh3 Nd7 16. Nf4 Nf6 17. Nce2 b5 18. Ng3 bxc4 19. Qd1 Nxd5 20. Bxg7+
Kxg7 21. Ngxh5+ Kh7 22. g4 e5 23. Nh3 Qg6 24. gxf5 Rxf5 25. Ng3 Nxe3 26.
Qb1 Bd5 27. Rg1 Ng2+ 28. Rxg2 Bxg2 29. Qxf5 Qxf5 30. Nxf5 Bxh3 31. Nxd6 Be6
32. Rc1 a5 33. Nxc4 axb4 34. Nxe5 Bxa2 35. Rxc6 Rb8 36. Rc7+ Kg8 37. Nd7
Rb5 38. Nf6+ Kf8 39. Rd7 Re5+ 40. Kd2 Rf5 41. Ne4 Rd5+ 42. Rxd5 Bxd5 43.
Nc5 b3 44. Nd3 Bg8 45. Nb2 Ke7 46. Ke3 Kd6 47. Na4 Kd5 48. f4 Bh7 49. Kf3
h5 50. Kg3 Bg6 51. Kh4 Be8 0-1

[Event "Trophee Universitaire"]
[Site "La Roche-sur-Yon FRA"]
[Date "2006.03.16"]
[Round "2"]
[White "Werle,J"]
[Black "Pelletier,Y"]
[Result "1-0"]
[WhiteElo "2514"]
[BlackElo "2579"]
[EventDate "2006.03.15"]

1. Nf3 d5 2. d4 Nf6 3. c4 c6 4. Nc3 a6 5. c5 Nbd7 6. Bf4 Nh5 7. e3 Nxf4 8.
exf4 b6 9. cxb6 e6 10. Bd3 Bd6 11. f5 Nxb6 12. fxe6 Bxe6 13. O-O O-O 14.
Qc2 g6 15. Rfe1 Qf6 16. Na4 Nxa4 17. Qxa4 c5 18. dxc5 Bxc5 19. Rac1 Rfc8
20. Rc2 a5 21. Rec1 Bf8 22. Nd4 Qf4 23. g3 Qxc1+ 24. Rxc1 Rxc1+ 25. Kg2 Rc7
26. Nxe6 fxe6 27. Be2 Kh8 28. a3 Rcc8 29. h4 Bg7 30. h5 gxh5 31. Bxh5 Rab8
32. b3 Rc2 33. b4 Rd2 34. bxa5 Rf8 35. Kh3 Rdxf2 36. a6 Ra8 37. Be8 Ra7 38.
Bc6 Rf8 39. Bb7 Be5 40. Qc6 Bb8 41. Qxe6 Kg7 42. Qxd5 h6 43. Qe6 1-0

[Event "Trophee Universitaire"]
[Site "La Roche-sur-Yon FRA"]
[Date "2006.03.17"]
[Round "3"]
[White "Rodriguez Guerrero,E"]
[Black "Werle,J"]
[Result "0-1"]
[WhiteElo "2464"]
[BlackElo "2514"]
[EventDate "2006.03.15"]

1. e4 e5 2. Nf3 Nc6 3. Nc3 Nf6 4. Bb5 Bb4 5. O-O O-O 6. d3 d6 7. Bg5 Bxc3
8. bxc3 Bg4 9. h3 Bh5 10. g4 Bg6 11. Re1 Qe7 12. d4 Nd8 13. Bh4 Ne6 14.
dxe5 dxe5 15. Nxe5 Qc5 16. Nxg6 hxg6 17. Bd3 Qxc3 18. Bg3 Nd7 19. Re3 Ndc5
20. Bf1 Qa5 21. Qc1 g5 22. Rb1 Rfd8 23. Bc4 Rd4 24. Bxe6 Nxe6 25. Rxb7 Qxa2
26. Bxc7 Rc8 27. Rb8 Rxb8 28. Bxb8 Rb4 29. Ra3 Qb1 0-1

[Event "Trophee Universitaire"]
[Site "La Roche-sur-Yon FRA"]
[Date "2006.03.17"]
[Round "3"]
[White "Pelletier,Y"]
[Black "Rombaldoni,D"]
[Result "1-0"]
[WhiteElo "2579"]
[BlackElo "2292"]
[EventDate "2006.03.15"]

1. c4 e6 2. Nc3 Bb4 3. Qb3 c5 4. Nb5 Nf6 5. Nd6+ Kf8 6. Nxc8 Qxc8 7. Nf3
Nc6 8. e3 Ke7 9. Be2 Rd8 10. O-O d5 11. cxd5 exd5 12. Qc2 c4 13. b3 cxb3
14. Qxb3 Kf8 15. Rb1 Rd7 16. Ne5 Nxe5 17. Qxb4+ Kg8 18. Bb2 Nc6 19. Qf4 Qc7
20. Qxc7 Rxc7 21. Rfc1 Rac8 22. Bxf6 gxf6 23. Bg4 Rd8 24. d4 Kf8 25. Rc5
Ke7 26. Rbc1 Ke8 27. g3 Re7 28. Bf3 Red7 29. Bd1 Rd6 30. Ba4 Kd7 31. Kg2 a6
32. Bxc6+ bxc6 33. Rb1 Kc7 34. Kf3 Ra8 35. a4 Rdd8 36. Rc2 Rab8 37. Rcb2
Rxb2 38. Rxb2 Rb8 39. Rxb8 Kxb8 40. Kf4 Kc7 41. Kf5 Kb6 42. Kxf6 Ka5 43.
Kxf7 Kxa4 44. f4 a5 45. f5 Kb3 46. f6 a4 47. Kg7 a3 48. f7 a2 49. f8=Q a1=Q
50. Qf4 h5 51. Kh6 Qd1 52. Kg5 Kc3 53. h3 Kd3 54. g4 hxg4 55. hxg4 Qh1 56.
Kf6 Qh8+ 57. Ke6 Qg8+ 58. Kd6 Qg6+ 59. Kc5 Ke2 60. g5 Qc2+ 61. Kd6 Qg6+ 62.
Qf6 Qe8 63. g6 Qb8+ 64. Kxc6 Qa8+ 65. Kd6 Kxe3 66. g7 Ke4 67. Qe6+ 1-0

[Event "Trophee Universitaire"]
[Site "La Roche-sur-Yon FRA"]
[Date "2006.03.18"]
[Round "4"]
[White "Dunis,A"]
[Black "Istratescu,A"]
[Result "1/2-1/2"]
[WhiteElo "2534"]
[BlackElo "2618"]
[EventDate "2006.03.15"]

1. d4 g6 2. e4 Bg7 3. Nc3 c6 4. Nf3 d6 5. Be2 Nf6 6. O-O O-O 7. h3 Qc7 8.
a4 Nbd7 9. a5 Rb8 10. Be3 b5 11. axb6 axb6 12. d5 Bb7 13. Nd4 Ra8 14. Qd2
Nc5 15. Bf3 e5 16. Nxc6 Bxc6 17. dxc6 Qxc6 18. Rxa8 Rxa8 19. Rd1 Bf8 20.
Nd5 Nxd5 21. Qxd5 Qxd5 22. Rxd5 Ra1+ 23. Rd1 Rxd1+ 24. Bxd1 Nxe4 25. Bf3 f5
26. Bxe4 fxe4 27. Bxb6 Kf7 28. c4 Ke6 29. Kf1 d5 30. cxd5+ Kxd5 31. Ke2 Bb4
32. Kd1 Kc4 33. Kc2 h5 34. Ba7 Ba5 35. Be3 Bb4 36. Bb6 Be1 37. Kd1 Bb4 38.
Ke2 Kd5 39. Ba7 Be7 40. Be3 Kc4 41. Bb6 Kd5 42. b3 Bb4 43. f3 Be7 44. Be3
Bb4 45. f4 exf4 46. Bxf4 Be7 47. Bd2 Kd4 48. Bh6 Kd5 49. Bg7 Bg5 50. Bc3
Bh6 51. Bd2 Bf8 52. Be1 Bh6 53. Bb4 Bg7 54. Be7 Bh6 55. b4 Kc4 56. Bc5 Bf4
57. Bf8 Bc1 58. g3 Bg5 59. h4 Bf6 60. Bd6 Bd4 61. Kd2 Bc3+ 62. Ke2 Kd5 63.
Bc5 Be5 64. Bf2 Kc4 65. Ke3 Bd4+ 66. Ke2 Bg7 67. Ke3 Bd4+ 68. Ke2 Bg7 69.
Ke3 Bd4+ 1/2-1/2

[Event "Trophee Universitaire"]
[Site "La Roche-sur-Yon FRA"]
[Date "2006.03.18"]
[Round "4"]
[White "Maze,S"]
[Black "Pelletier,Y"]
[Result "0-1"]
[WhiteElo "2518"]
[BlackElo "2579"]
[EventDate "2006.03.15"]

1. e4 e6 2. d4 d5 3. Nc3 Bb4 4. exd5 exd5 5. Bd3 Nc6 6. a3 Be7 7. Nge2 Bf6
8. Be3 Nge7 9. h3 O-O 10. Qd2 Bf5 11. g4 Bxd3 12. Qxd3 Nc8 13. h4 Nb6 14.
O-O-O Be7 15. Nf4 Qd7 16. g5 Rae8 17. Rdg1 Bd8 18. h5 Ne7 19. Nce2 Nf5 20.
Ng3 Nxe3 21. fxe3 Bxg5 22. Nf5 f6 23. Ng6 Re4 24. Qf1 Rfe8 25. Ne5 R4xe5
0-1

[Event "Trophee Universitaire"]
[Site "La Roche-sur-Yon FRA"]
[Date "2006.03.21"]
[Round "6"]
[White "Rombaldoni,D"]
[Black "Istratescu,A"]
[Result "0-1"]
[WhiteElo "2292"]
[BlackElo "2618"]
[EventDate "2006.03.15"]

1. d4 g6 2. c4 Bg7 3. Nf3 d6 4. g3 Nf6 5. Bg2 O-O 6. O-O Nc6 7. Nc3 Rb8 8.
e4 Bg4 9. Be3 Nd7 10. Qd2 e5 11. d5 Bxf3 12. Bxf3 Nd4 13. Bg2 c5 14. dxc6
bxc6 15. f4 Qa5 16. f5 Qb4 17. Rab1 Qxc4 18. Bh6 Rb7 19. Rf2 Nf6 20. h3 Nh5
21. Bf1 Qc5 22. Kg2 Nf4+ 23. Bxf4 exf4 24. Qxf4 Be5 25. Qg4 f6 26. fxg6 Rg7
27. Qd1 Rxg6 28. g4 h5 29. Na4 Qb4 30. a3 Qb7 31. Bc4+ Kh8 32. Be2 Qh7 33.
Bf3 Rfg8 34. Kf1 hxg4 0-1

[Event "Trophee Universitaire"]
[Site "La Roche-sur-Yon FRA"]
[Date "2006.03.22"]
[Round "7"]
[White "Werle,J"]
[Black "Rombaldoni,D"]
[Result "0-1"]
[WhiteElo "2514"]
[BlackElo "2292"]
[EventDate "2006.03.15"]

1. Nf3 Nf6 2. c4 e6 3. Nc3 d5 4. d4 Be7 5. cxd5 exd5 6. Bg5 c6 7. e3 O-O 8.
Qc2 Re8 9. Bd3 Nbd7 10. O-O g6 11. Bf4 Nf8 12. h3 Bd6 13. Bxd6 Qxd6 14.
Rab1 a5 15. a3 Be6 16. Rfc1 N8d7 17. b4 axb4 18. axb4 b5 19. Ne2 Rec8 20.
Nf4 Nb6 21. Qc5 Qxc5 22. dxc5 Nc4 23. Nd4 Ne5 24. Bc2 Bd7 25. Ra1 Kf8 26.
g4 Ne8 27. e4 dxe4 28. Bxe4 Nf6 29. Bg2 g5 30. Nfe2 Nd3 31. Rxa8 Rxa8 32.
Rb1 Ra6 33. Rb3 Ne5 34. f4 Ra1+ 35. Kf2 gxf4 36. Nxf4 h6 37. Nfe2 Rd1 38.
Ke3 Ng8 39. Kf4 Ng6+ 40. Ke3 N8e7 41. Nc3 Ra1 42. Rb1 Ra3 43. Rb3 Ra1 44.
Be4 Ne5 45. Rb1 Ra3 46. Kd2 Be6 47. Kc2 Bc4 48. Rd1 Kg7 49. Kb2 Ra7 50. Nf3
N7g6 51. Rd6 Bf1 52. Kc2 Bxh3 53. Nxe5 Nxe5 54. Bxc6 Nxc6 55. Rxc6 Bxg4 56.
Nxb5 Ra2+ 57. Kc3 Bd7 58. Rb6 h5 59. c6 Bg4 60. c7 h4 61. Nd4 Ra7 62. Rc6
h3 63. c8=Q Bxc8 64. Rxc8 h2 65. Nf5+ Kh7 66. Rc4 Ra3+ 67. Kb2 h1=Q 68.
Rh4+ Qxh4 69. Nxh4 Rh3 70. Nf5 Kg6 71. Nd4 Kf6 72. Kc2 Ke5 73. Ne2 f5 74.
Kd2 Rb3 75. Ke1 Rxb4 76. Kf2 Rb2 77. Kf3 Rxe2 78. Kxe2 Ke4 79. Kf2 Kf4 80.
Ke1 Ke3 0-1

[Event "Trophee Universitaire"]
[Site "La Roche-sur-Yon FRA"]
[Date "2006.03.22"]
[Round "7"]
[White "Pelletier,Y"]
[Black "Dunis,A"]
[Result "0-1"]
[WhiteElo "2579"]
[BlackElo "2534"]
[EventDate "2006.03.15"]

1. d4 Nf6 2. c4 c6 3. Nc3 d5 4. Nf3 a6 5. Qb3 e6 6. Bg5 Be7 7. e3 O-O 8.
Rc1 Nbd7 9. cxd5 cxd5 10. Bd3 b5 11. Bf4 Bb7 12. a4 b4 13. Na2 Rc8 14. Rxc8
Qxc8 15. O-O a5 16. Rc1 Qa8 17. Bb5 Rc8 18. Qd3 Bc6 19. Ba6 Bb7 20. Bb5 Bc6
21. h3 Ne4 22. Bxc6 Rxc6 23. Qb5 Rxc1+ 24. Nxc1 Qc8 25. Nd3 g5 26. Bh2 Nf8
27. Nfe5 Qc2 28. Kh1 f6 29. Nc6 Qxd3 30. Nxe7+ Kf7 31. Qb7 Nxf2+ 32. Kg1
Nxh3+ 33. gxh3 Qxe3+ 34. Kg2 Qe2+ 35. Kg1 Qd1+ 36. Kg2 Qc2+ 37. Kg3 Qb3+
38. Kg2 Qc2+ 39. Kg3 Qb3+ 40. Kg2 Qxb2+ 41. Kh1 Qa1+ 42. Bg1 Qxa4 43. Nc6+
Kg8 44. Bf2 b3 45. Kg2 b2 46. Ne7+ Kh8 47. Qxb2 Qb4 48. Qxb4 axb4 49. Be1
b3 50. Bc3 Ng6 51. Nc6 Nf4+ 52. Kf3 Nd3 53. Nd8 b2 54. Bxb2 Nxb2 55. Nxe6
Nd3 56. h4 gxh4 57. Nc7 Ne1+ 58. Kg4 Kg7 59. Nxd5 Nc2 60. Kxh4 Nxd4 61. Kh5
Nf5 62. Kg4 Nd6 63. Kh5 Ne8 64. Ne3 Kg8 65. Kh6 Ng7 66. Ng4 Nf5+ 67. Kh5
Kf7 68. Nf2 Kg7 69. Nd3 h6 70. Kg4 Ne3+ 71. Kh5 Kh7 72. Nf4 Nf5 73. Kg4 Ng7
74. Ng2 Kg6 75. Nf4+ Kf7 76. Kh4 Ke7 77. Kg4 Kd6 78. Ng6 Ke6 79. Kh4 f5 80.
Nf4+ Ke5 81. Kg3 Ke4 82. Nh3 Nh5+ 83. Kh4 Nf6 0-1

[Event "Trophee Universitaire"]
[Site "La Roche-sur-Yon FRA"]
[Date "2006.03.22"]
[Round "7"]
[White "Istratescu,A"]
[Black "Maze,S"]
[Result "1/2-1/2"]
[WhiteElo "2618"]
[BlackElo "2518"]
[EventDate "2006.03.15"]

1. d4 d5 2. c4 c6 3. Nf3 Nf6 4. e3 a6 5. Nbd2 Bf5 6. Ne5 h6 7. Bd3 Bxd3 8.
Nxd3 Nbd7 9. O-O e6 10. b3 Bd6 11. Bb2 O-O 12. Qf3 Qb8 13. h3 Re8 14. Rfe1
e5 15. dxe5 Nxe5 16. Nxe5 Bxe5 17. Bxe5 Qxe5 18. cxd5 Qxd5 19. Qxd5 Nxd5
20. Nc4 Rad8 21. Na5 Rd7 22. Red1 Rde7 23. Rd4 f5 24. Kf1 Rf8 25. Rc1 Kh7
26. b4 Rf6 27. a4 Nb6 28. Ra1 Rfe6 29. Nb3 Re4 30. Nc5 Rxd4 31. exd4 Nd5
32. Rb1 Kg6 33. Rb3 Kf6 34. b5 axb5 35. axb5 b6 36. Nd3 Rc7 37. g3 Ke6 38.
bxc6 Rxc6 39. Nb4 Nxb4 1/2-1/2

[Event "Trophee Universitaire"]
[Site "La Roche-sur-Yon FRA"]
[Date "2006.03.23"]
[Round "8"]
[White "Pelletier,Y"]
[Black "Rodriguez Guerrero,E"]
[Result "1-0"]
[WhiteElo "2579"]
[BlackElo "2464"]
[EventDate "2006.03.15"]

1. d4 d5 2. c4 c6 3. Nf3 Nf6 4. Nc3 e6 5. Bg5 h6 6. Bh4 dxc4 7. e4 g5 8.
Bg3 b5 9. Be2 Bb7 10. h4 b4 11. hxg5 bxc3 12. bxc3 Nxe4 13. Be5 Nxc3 14.
Qc2 Nxe2 15. Bxh8 Nf4 16. gxh6 Nxg2+ 17. Kf1 c5 18. h7 Qd5 19. Qd1 Qf5 20.
d5 Bxd5 21. Bf6 Nd7 22. h8=Q Ne3+ 23. fxe3 Bxf3 24. Qd6 Bxh1+ 25. Kg1 Qg4+
26. Kxh1 Qf3+ 27. Kh2 Qf2+ 28. Kh3 Qxe3+ 29. Qg3 Qe4 30. Rf1 Rb8 31. Qxf8+
Kxf8 32. Qd6+ Kg8 33. Rg1+ Kh7 34. Rg7+ 1-0

[Event "Trophee Universitaire"]
[Site "La Roche-sur-Yon FRA"]
[Date "2006.03.23"]
[Round "8"]
[White "Dunis,A"]
[Black "Rombaldoni,D"]
[Result "1-0"]
[WhiteElo "2534"]
[BlackElo "2292"]
[EventDate "2006.03.15"]

1. Nf3 Nf6 2. c4 e6 3. g3 d5 4. Bg2 Be7 5. O-O O-O 6. d4 dxc4 7. Qc2 a6 8.
Qxc4 b5 9. Qc2 Bb7 10. Bd2 Be4 11. Qc1 Nc6 12. Be3 Nb4 13. Nc3 Bb7 14. a4
Nbd5 15. Nxd5 Nxd5 16. Bg5 Nf6 17. Rd1 Qc8 18. Ne5 Bxg2 19. Kxg2 c5 20.
dxc5 Bxc5 21. Bxf6 gxf6 22. Nd7 Qb7+ 23. Kg1 Be7 24. Nxf8 Rxf8 25. axb5
Qxb5 26. Qc7 Bc5 27. Qa5 Rb8 28. Rd8+ Rxd8 29. Qxd8+ Kg7 30. Qd2 a5 31. e3
Bb4 32. Qc2 Be7 33. b3 Bb4 34. Rd1 Qe5 35. Rd7 Qh5 36. Qe4 e5 37. Kg2 Be1
38. h3 Qg6 39. Qxg6+ hxg6 40. e4 Bb4 41. Kf3 Bc5 42. g4 1-0

[Event "Trophee Universitaire"]
[Site "La Roche-sur-Yon FRA"]
[Date "2006.03.23"]
[Round "8"]
[White "Maze,S"]
[Black "Werle,J"]
[Result "1/2-1/2"]
[WhiteElo "2518"]
[BlackElo "2514"]
[EventDate "2006.03.15"]

1. e4 e5 2. Nf3 Nc6 3. Bb5 a6 4. Bxc6 dxc6 5. O-O f6 6. d4 exd4 7. Nxd4 c5
8. Ne2 Qxd1 9. Rxd1 Bd7 10. Nbc3 O-O-O 11. Be3 Re8 12. Rd2 Bc6 13. Rad1 b6
14. f3 Ne7 15. Nf4 Ng6 16. Nh5 Ne5 17. b3 c4 18. Nd5 a5 19. Kf2 Rg8 20. g4
Ba3 21. h3 Kb7 22. Bd4 cxb3 23. axb3 Nd7 24. Bc3 Bc5+ 25. Kg2 Ref8 26. Nhf4
Rf7 27. Ne6 Bd6 28. Ne3 Re8 29. Rxd6 cxd6 30. Rxd6 Rc8 31. Nf5 Ka6 32. Bd4
g6 33. Ne3 Ne5 34. Nd5 Rd7 35. Rxd7 Bxd7 36. Nec7+ Kb7 37. Bxb6 a4 38. bxa4
Bxa4 39. c3 Nc4 40. Bd4 Rxc7 41. Nxc7 Kxc7 42. Bxf6 Kd7 43. Kf2 Bc2 44. Bd4
Ke6 45. Ke2 Bb1 46. Kf2 Bc2 47. Ke2 Bb1 48. Kf2 Bc2 49. Ke2 1/2-1/2

[Event "Trophee Universitaire"]
[Site "La Roche-sur-Yon FRA"]
[Date "2006.03.24"]
[Round "9"]
[White "Rodriguez Guerrero,E"]
[Black "Dunis,A"]
[Result "1/2-1/2"]
[WhiteElo "2464"]
[BlackElo "2534"]
[EventDate "2006.03.15"]

1. c4 Nf6 2. g3 c6 3. Nf3 d5 4. Bg2 dxc4 5. O-O Nbd7 6. Qc2 Nb6 7. a4 a5 8.
Na3 Be6 9. Ng5 Bg4 10. Nxc4 Bxe2 11. Ne5 Bh5 12. b4 e6 13. b5 Bd6 14. d4
O-O 15. bxc6 bxc6 16. Bd2 Nbd5 17. Qxc6 Rc8 18. Qb5 Bb4 19. Nc6 Qd6 20.
Nxb4 axb4 21. a5 Rc2 22. Be3 Be2 23. Qa4 Rb2 24. Rfc1 Nc3 25. Qc6 Qxc6 26.
Bxc6 Ba6 27. Re1 h6 28. Nf3 Rc8 29. Ne5 b3 30. Bf3 Rc2 31. Rac1 Rxc1 32.
Bxc1 Ne2+ 33. Bxe2 Bxe2 34. Rxe2 Rxc1+ 35. Kg2 Ra1 36. Rb2 Rxa5 37. Rxb3
Ra7 38. Rb8+ Kh7 39. Rf8 Ra4 40. Rxf7 Rxd4 41. Re7 Rd6 42. h4 Nd5 43. Re8
Nf6 44. Re7 Nd5 45. Ra7 Nf6 46. g4 Rd4 47. f3 Rd5 48. Nf7 Rd7 49. Rxd7 Nxd7
50. Nd8 e5 51. h5 g6 52. hxg6+ Kxg6 53. Kg3 h5 54. gxh5+ Kxh5 55. f4 exf4+
56. Kxf4 1/2-1/2